[Event "San Sebastian Constitucion op"]
[Site "San Sebastian de los Reyes"]
[Date "2021.12.09"]
[Round "6"]
[White "Alvarez Gonzalez, Eduardo"]
[Black "Diaz Garcia, Miguel"]
[Result "1/2-1/2"]
[WhiteElo "1732"]
[BlackElo "1561"]
[PlyCount "101"]
[EventDate "2021.12.04"]
[EventType "swiss"]
[EventRounds "8"]
[EventCountry "ESP"]
[SourceTitle "CBM 206 Extra"]
[Source "ChessBase"]
[SourceDate "2022.03.31"]
[SourceVersion "1"]
[SourceVersionDate "2022.03.31"]
[SourceQuality "1"]

1. d4 Nf6 2. Nf3 g6 3. c4 Bg7 4. Nc3 0-0 5. e4 d6 6. Be2 Na6 7. 0-0 e5 8. d5 Nc5 9. Nd2 a5 10. Re1 Ne8 11. Nb3 b6 12. Nxc5 bxc5 13. Bg4 f5 14. Bh3 Qh4 15. Qe2 Nf6 16. f3 fxe4 17. Bxc8 Raxc8 18. Nxe4 Bh6 19. Bxh6 Qxh6 20. Qd2 Qxd2 21. Nxd2 a4 22. b3 axb3 23. axb3 Ra8 24. g3 g5 25. h3 h5 26. g4 Kg7 27. Kg2 Ng8 28. gxh5 Nf6 29. Rxa8 Rxa8 30. Ne4 Nxe4 31. Rxe4 Kh6 32. Kg3 Kxh5 33. h4 Rg8 34. hxg5 Rxg5+ 35. Kf2 Kg6 36. Rh4 Rf5 37. Kg3 Rh5 38. Re4 Rh1 39. Kg2 Rb1 40. Re3 Kf5 41. Kg3 Rd1 42. Rc3 e4 43. Re3 Rd4 44. fxe4+ Rxe4 45. Rd3 Rg4+ 46. Kf3 Rh4 47. Re3 Rh3+ 48. Ke2 Rh2+ 49. Kd3 Rh7 50. Kc3 Kf4 51. Kd3 1/2-1/2

[Event "San Sebastian Constitucion op"]
[Site "San Sebastian de los Reyes"]
[Date "2021.12.04"]
[Round "1"]
[White "Diaz Garcia, Miguel"]
[Black "Martinez Paul Exposito, Ignacio Jesus"]
[Result "1-0"]
[WhiteElo "1561"]
[BlackElo "1144"]
[PlyCount "63"]
[EventDate "2021.12.04"]
[EventType "swiss"]
[EventRounds "8"]
[EventCountry "ESP"]
[SourceTitle "CBM 206 Extra"]
[Source "ChessBase"]
[SourceDate "2022.03.31"]
[SourceVersion "1"]
[SourceVersionDate "2022.03.31"]
[SourceQuality "1"]

1. e4 e6 2. d4 d5 3. e5 c5 4. c3 Nc6 5. Nf3 Qb6 6. a3 a5 7. Be2 Nh6 8. dxc5 Bxc5 9. 0-0 Ng4 10. Nd4 Ngxe5 11. Nb3 Be7 12. Be3 Qc7 13. N1d2 a4 14. Nd4 Nxd4 15. cxd4 Nc6 16. Rc1 Qb6 17. Nf3 Bd7 18. Qd2 Bf6 19. Ne5 Qc7 20. Bf4 Qc8 21. Bg5 Bxe5 22. dxe5 h6 23. Be3 Qb8 24. f4 d4 25. Bxd4 Nxd4 26. Qxd4 Qa7 27. Rfd1 Qxd4+ 28. Rxd4 Ke7 29. Rc7 Rhd8 30. Bb5 Rac8 31. Rdxd7+ Rxd7 32. Rxd7+ 1-0